| 000 | 00470nam a22001817a 4500 | ||
|---|---|---|---|
| 003 | CEME | ||
| 005 | 20210628203151.0 | ||
| 008 | 210119b xxu||||| |||| 00| 0 eng d | ||
| 020 | _a81-7890-115-3 | ||
| 040 | _cceme | ||
| 082 | _a005.84 SHA | ||
| 100 |
_aSharma, Sanjeev _963736 |
||
| 245 | _aDictionary of computer viruses | ||
| 260 |
_aNEW DELHI _bVIKAS PUBLISHING _c2005 |
||
| 300 | _aV, 259 P | ||
| 650 |
_aCOMPUTER VIRUSES-DICTIONARY _963737 |
||
| 942 |
_cBK _2ddc |
||
| 999 |
_c572465 _d572465 |
||